[Event "Floripa Chess Open 2024"]
[Site "Florianopolis"]
[Date "2024.01.25"]
[Round "7.16"]
[White "Perez, Maximiliano"]
[Black "Serpa, Rafael Araujo"]
[Result "1-0"]
[WhiteElo "2383"]
[BlackElo "2101"]
[PlyCount "113"]
[EventDate "2024.01.20"]
[EventRounds "10"]
[EventCountry "BRA"]

1. Nc3 d5 2. d4 Nf6 3. Bf4 e6 4. e3 Bb4 5. Bd3 c5 6. a3 Bxc3+ 7. bxc3 Qa5 8.
Nf3 ({RR} 8. Qd2 c4 9. Bf1 Ne4 10. Qc1 Qxc3+ 11. Ke2 Nc6 12. f3 g5 13. Bc7 Nf6
14. Bg3 e5 15. Be1 Nxd4+ 16. exd4 Qxd4 17. Bf2 Qf4 18. Be3 Qf5 19. Bxg5 Rg8 20.
Bxf6 Qxf6 21. Kf2 Bf5 22. Ne2 O-O-O {Borgaonkar,A (1991)-Bychkov,V (2225)
chess.com INT 2023 0-1 (42)}) 8... Qxc3+ 9. Kf1 Nc6 $146 ({RR} 9... c4 10. Be2
Ne4 11. Ng5 Nxg5 12. Bxg5 h6 13. Bf4 Bd7 14. Be5 Rg8 15. Bd6 Ba4 16. Ra2 Nc6
17. g4 O-O-O 18. Bg3 f6 19. Qb1 e5 20. g5 hxg5 21. Bg4+ Kc7 22. Rb2 b6 23. Kg2
g6 24. dxe5 {Nevska,G (1840)-Prudente,E (1995) Chennai IND 2022 0-1}) 10. Ne5
cxd4 11. Nxc6 bxc6 12. Be5 c5 13. exd4 a5 14. h4 Ba6 15. Bxa6 Rxa6 16. Rb1 O-O
17. Qe2 Qc4 18. Qxc4 dxc4 19. Bxf6 gxf6 20. dxc5 Rc8 21. Rb5 Rac6 22. Rxa5 Rxc5
23. Rxc5 Rxc5 24. Ke2 Kf8 25. a4 Ke7 26. Rb1 Kd6 27. Rb7 Ra5 28. Rxf7 Ke5 29.
Kd2 Rxa4 30. Rxh7 Ra1 31. Kc3 Rf1 32. f3 Rg1 33. Rg7 Rh1 34. g3 Rf1 35. f4+ Kd5
36. h5 Rh1 37. g4 f5 38. gxf5 exf5 39. Re7 Rxh5 40. Re5+ Kd6 41. Kxc4 Kc6 42.
Kd4 Kd6 43. c4 Kc6 44. c5 Rh1 45. Rxf5 Rd1+ 46. Ke4 Re1+ 47. Kf3 Re8 48. Re5
Rg8 49. f5 Rg1 50. Kf4 Rg2 51. f6 Kd7 52. Kf5 Rf2+ 53. Kg6 Rg2+ 54. Kf7 Rg1 55.
Kf8 Rg6 56. f7 Kd8 57. Rd5+ 1-0

[Event "Floripa Chess Open 2024"]
[Site "Florianopolis"]
[Date "2024.01.25"]
[Round "7.17"]
[White "Molina, Roberto Junio Brito"]
[Black "Almeida Junior, Alvaro Alves De"]
[Result "1/2-1/2"]
[WhiteElo "2381"]
[BlackElo "2099"]
[PlyCount "107"]
[EventDate "2024.01.20"]
[EventRounds "10"]
[EventCountry "BRA"]

1. d4 Nf6 2. c4 e6 3. Nf3 d5 4. Nc3 Bb4 5. Qa4+ Nc6 6. e3 O-O 7. Bd2 Bd7 8. Qc2
dxc4 ({RR} 8... Ne7 9. Rd1 Ng6 10. Be2 dxc4 11. Bxc4 c5 12. O-O cxd4 13. Nxd4
Rc8 14. Qb3 Bd6 15. Be2 e5 16. Ndb5 Bb8 17. Qa3 Qe7 18. Bc1 Qxa3 19. Nxa3 Be6
20. Bf3 Rc7 21. Nab5 Re7 22. b3 a6 23. Nd6 {Le,Q (2712)-Bologan,V (2661) Dubai
2014 1-0}) 9. Bxc4 a6 ({RR} 9... Bd6 10. a3 e5 11. dxe5 Nxe5 12. Nxe5 Bxe5 13.
O-O-O Qe7 14. Kb1 Bc6 15. f4 Bxc3 16. Bxc3 Rad8 17. Bd4 Be4 18. Bd3 Bxd3 19.
Rxd3 Ne4 20. Rhd1 b6 21. Be5 Nc5 22. Rxd8 Rxd8 23. Rxd8+ Qxd8 24. b4 {Fiorito,
J (2405)-Kravtsiv,M (2598) chess.com INT 2023 0-1 (36)}) 10. Be2 Re8 $146 ({RR
} 10... Bd6 11. a3 e5 12. dxe5 Nxe5 13. Nxe5 Bxe5 14. Bf3 c6 15. O-O Qe7 16.
Na4 Bc7 17. Bb4 Qe5 18. g3 Rfe8 19. Nc5 Bf5 20. Qc3 a5 21. Qxe5 Rxe5 22. Nxb7
axb4 23. axb4 Rxa1 24. Rxa1 Bd7 25. Nc5 {Polishchuk,O (2155)-Yaniuk,V (2233)
Chortkiv UKR 2020 1-0 (82)}) ({RR} 10... Bd6 11. a3 e5 12. dxe5 Nxe5 13. Nxe5
Bxe5 14. Bf3 c6 15. O-O Qe7 16. Na4 Bc7 17. Bb4 Qe5 18. g3 Rfe8 19. Nc5 Bf5 20.
Qc3 a5 21. Qxe5 Rxe5 22. Nxb7 axb4 23. axb4 Rxa1 24. Rxa1 Bd7 25. Nc5 {
Polishchuk,O (2155)-Yaniuk,V (2233) Chortkiv UKR 2020 1-0 (82)}) 11. O-O-O b5
12. Kb1 Qe7 13. e4 e5 14. dxe5 Nxe5 15. Nxe5 Qxe5 16. f4 Qe7 17. e5 Bxc3 18.
Bxc3 Ng4 19. Bd4 Nh6 20. Bd3 g6 21. Qxc7 Rac8 22. Qa5 Bf5 23. Bxf5 Nxf5 24. g4
Nxd4 25. Rxd4 Qb7 26. Rg1 Rc4 27. Rxc4 bxc4 28. Ka1 Qf3 29. Qd2 a5 30. g5 a4
31. a3 c3 32. Qxc3 Qxf4 33. Re1 Qxg5 34. Qb4 h5 35. Qxa4 Rxe5 36. Rd1 Qe7 37.
Qc4 Re1 38. Rxe1 Qxe1+ 39. Ka2 Qe5 40. h4 g5 41. hxg5 Qxg5 42. a4 h4 43. Qb5
Qxb5 44. axb5 h3 45. b6 h2 46. b7 h1=Q 47. b8=Q+ Kg7 48. Qe5+ f6 49. Qc7+ Kg6
50. b4 Qd5+ 51. Ka3 f5 52. Ka4 Qe4 53. Ka5 f4 54. b5 1/2-1/2

[Event "Floripa Chess Open 2024"]
[Site "Florianopolis"]
[Date "2024.01.25"]
[Round "7.19"]
[White "Von Buelow, Georg"]
[Black "Moura, Eduardo Eugenio Cha"]
[Result "1-0"]
[WhiteElo "2345"]
[BlackElo "2055"]
[PlyCount "71"]
[EventDate "2024.01.20"]
[EventRounds "10"]
[EventCountry "BRA"]

1. Nf3 c5 2. e4 g6 3. c3 Bg7 4. d4 cxd4 5. cxd4 d5 6. e5 Bg4 7. Nbd2 Nc6 8. h3
({RR} 8. Bb5 Qb6 9. Qa4 Bd7 10. Bxc6 Bxc6 11. Qa3 Bb5 12. Nb1 Qc6 13. Nc3 Bc4
14. b3 Bd3 15. Qa4 b5 16. Qa5 a6 17. Ba3 Nh6 18. Rd1 Be4 19. Nxe4 dxe4 20. d5
Qd7 21. d6 exd6 22. Rxd6 Qc8 {Potkin,V (2646)-Vitiugov,N (2709) Moscow 2010 1/
2-1/2 (47)}) 8... Bxf3 9. Nxf3 Qb6 ({RR} 9... e6 10. Be2 Nge7 11. O-O O-O 12.
a3 Qb6 13. b4 Nf5 14. Bb2 f6 15. g4 Nfe7 16. exf6 Bxf6 17. Qd2 Nc8 18. Qe3 Re8
19. b5 Nd8 20. a4 Nd6 21. Rfc1 N8f7 22. a5 Qd8 23. Ne5 Rc8 24. Bd3 {Kunal,M  
(2250)-Md,B (2202) chess.com INT 2024 1-0 (41)}) 10. Qa4 $146 ({RR} 10. Be2 e6
11. O-O Nge7 12. Be3 Nf5 13. Qd2 O-O 14. Rfd1 Nxe3 15. Qxe3 Rac8 16. Nh2 Nb4
17. Qf4 f6 18. exf6 Bxf6 19. Nf3 Nc2 20. Rab1 Bxd4 21. Qh4 e5 22. Rf1 Qf6 23.
Ng5 Qe7 24. Bg4 Rc6 {Adnoy,H (2197)-Stokke,K (2016) Bergen 2001 0-1 (38)}) ({RR
} 10. Bd3 Nh6 11. O-O O-O 12. Bc2 f6 13. Be3 Nf7 14. Rb1 Rad8 15. exf6 Bxf6 16.
h4 Nb4 17. Bb3 Nc6 18. Re1 Na5 19. Bc2 Nc4 20. Bf4 e5 21. b3 Na3 22. dxe5 Nxe5
23. Bxe5 Bxe5 24. Rxe5 Nxb1 {Marra,E (2256)-Dias,S (2060) Niteroi BRA 2022 1-0
(62)}) 10... Nh6 11. Bb5 Rc8 12. Bd2 a6 13. Bd3 O-O 14. O-O f6 15. Bc3 fxe5 16.
Nxe5 Nxe5 17. dxe5 Nf5 18. Kh1 e6 19. Rae1 Ne7 20. Qb4 Qc7 21. Qg4 Nf5 22. Qe2
Bh6 23. g3 Rf7 24. Kh2 Qd8 25. f4 Ne7 26. h4 Nf5 27. Kh3 Qe7 28. Qf2 Rcf8 29.
Bd2 Ng7 30. Qd4 Rc8 31. Rc1 Qd7 32. Rc5 Nf5 33. Qc3 Rxc5 34. Qxc5 Bf8 35. Qb6
Qc7 36. Qxe6 1-0

[Event "Floripa Chess Open 2024"]
[Site "Florianopolis"]
[Date "2024.01.25"]
[Round "7.20"]
[White "De Carvalho, Jose Jorge"]
[Black "Gemy, Jose Daniel"]
[Result "1-0"]
[WhiteElo "2119"]
[BlackElo "2329"]
[PlyCount "137"]
[EventDate "2024.01.20"]
[EventRounds "10"]
[EventCountry "BRA"]

1. e4 e5 2. Nf3 Nc6 3. Bb5 a6 4. Bxc6 dxc6 5. O-O Bg4 6. h3 Bh5 7. d3 f6 8. Be3
c5 ({RR} 8... Bd6 9. Nbd2 Ne7 10. Nb3 b6 11. Qe2 c5 12. c3 Qd7 13. Rfd1 Qb5 14.
Rab1 O-O 15. Nbd2 Kh8 16. b3 g5 17. Nc4 Qe8 18. d4 g4 19. hxg4 Bxg4 20. dxc5
Bxc5 21. Bxc5 bxc5 22. Ne3 Bh5 23. Nd5 {Matthaei,J (2046)-Wurmbauer,N (1995)
Willingen GER 2023 1-0 (44)}) 9. Nbd2 Bd6 10. a3 $146 ({RR} 10. Re1 Ne7 11. Nb3
b6 12. c3 O-O 13. d4 cxd4 14. cxd4 exd4 15. Nbxd4 Qd7 16. Rc1 Bb4 17. Qb3+ Nd5
18. Red1 c5 19. Ne2 Bxf3 20. Rxd5 Qf7 21. gxf3 Kh8 22. Ng3 Qg6 23. Rd7 h5 24.
Kf1 Rae8 {Ebeling,M (1361)-Sabiani,C (1509) Durban 2014 1-0}) ({RR} 10. c3 Ne7
11. Qc2 Nc6 12. Rfe1 Qd7 13. Nh4 O-O 14. Nf1 Rfd8 15. g4 Bf7 16. Ng3 c4 17.
dxc4 Bxc4 18. b3 Be6 19. Rad1 Qf7 20. Kg2 a5 21. Nf3 a4 22. c4 Be7 23. Rxd8+
Rxd8 24. Rd1 Rxd1 {Dann,M (2428)-Nisipeanu,L (2648) Pardubice 2012 0-1 (44)}) (
{RR} 10. c3 Ne7 11. Qb3 Nc6 12. d4 Bf7 13. d5 O-O 14. Nc4 b5 15. Nxd6 cxd6 16.
Qc2 Ne7 17. Rad1 Qd7 18. Nh4 g5 19. Nf5 Nxf5 20. exf5 e4 21. Qxe4 Rae8 22. Qg4
Re5 23. Bxg5 h5 24. Qg3 fxg5 {Pedersen,T (1987)-Hector,J (2556) Helsingor 2009
0-1}) 10... Ne7 11. Nc4 Nc6 12. Nxd6+ Qxd6 13. g4 Bf7 14. b4 cxb4 15. axb4 Nxb4
16. Qb1 b6 17. Rd1 Nc6 18. c3 h5 19. g5 h4 20. d4 Bh5 21. Kg2 fxg5 22. Nxg5
Bxd1 23. Qxd1 Qg6 24. Qg4 a5 25. f4 exf4 26. Bxf4 Nd8 27. Bxc7 Nf7 28. Qe6+
Qxe6 29. Nxe6 Kd7 30. d5 Ng5 31. Nxg5 Kxc7 32. e5 Rh5 33. Ne6+ Kd7 34. Re1 a4
35. Kf3 a3 36. Ke4 a2 37. Ra1 Ra4+ 38. Nd4 Rg5 39. c4 Rg2 40. e6+ Ke7 41. Ke5
Rg5+ 42. Nf5+ Kd8 43. Kf4 Rh5 44. e7+ Kd7 45. e8=Q+ Kxe8 46. Nxg7+ Kd7 47. Nxh5
Kd6 48. Kf5 Kc5 49. Nf4 Kxc4 50. d6 Kb3 51. d7 Rd4 52. Ke6 Kb2 53. Rxa2+ Kxa2
54. Nd5 b5 55. d8=Q b4 56. Nxb4+ Rxb4 57. Qd2+ Kb3 58. Qd3+ Ka4 59. Qa6+ Kb3
60. Kf5 Rd4 61. Qc6 Rc4 62. Qf3+ Kb4 63. Kg5 Kc5 64. Qf8+ Kb5 65. Qf1 Kc5 66.
Qxc4+ Kxc4 67. Kxh4 Kd5 68. Kg5 Ke6 69. Kg6 1-0

[Event "Floripa Chess Open 2024"]
[Site "Florianopolis"]
[Date "2024.01.25"]
[Round "7.21"]
[White "Tomiello, Lucas Costamilan"]
[Black "Da Rosa, Henrique Jaze Simoe"]
[Result "1-0"]
[WhiteElo "2306"]
[BlackElo "1917"]
[PlyCount "67"]
[EventDate "2024.01.20"]
[EventRounds "10"]
[EventCountry "BRA"]

1. e4 e5 2. Nf3 Nc6 3. Bb5 a6 4. Ba4 Nf6 5. d3 b5 6. Bb3 Be7 7. O-O O-O 8. a4
b4 9. a5 d6 10. h3 h6 11. Nbd2 Re8 12. Re1 Bf8 13. c3 $146 ({RR} 13. Nc4 g6 14.
c3 Rb8 15. Ne3 Bg7 16. Bc4 bxc3 17. bxc3 Ne7 18. Qa4 Bd7 19. Qa2 Rf8 20. Bxa6
c5 21. Bc4 Nc6 22. Bd2 Ra8 23. a6 Qc7 24. Reb1 Ra7 25. Rb2 Bc8 26. Rab1 Na5 27.
Bb5 Bxa6 {Pranav,V (2579)-Ismayil,M (2148) chess.com INT 2023 1-0 (61)}) 13...
d5 14. Qc2 Bb7 15. exd5 Nxd5 16. Nc4 Qf6 17. Re4 Nf4 18. Bxf4 exf4 19. Rxe8
Rxe8 20. d4 Bd6 21. Qd3 g6 22. Ncd2 Nb8 23. Rd1 Nd7 24. c4 Rb8 25. c5 Bf8 26.
Re1 Qg7 27. Bc4 Qf6 28. Ne4 Bxe4 29. Qxe4 Bg7 30. c6 Nf8 31. Ne5 Re8 32. Nd7
Nxd7 33. Qxe8+ Nf8 34. Re7 1-0

[Event "Floripa Chess Open 2024"]
[Site "Florianopolis"]
[Date "2024.01.25"]
[Round "7.22"]
[White "Lage, Pedro Ferreira"]
[Black "Cunha, Lucas Aguiar"]
[Result "1/2-1/2"]
[WhiteElo "2100"]
[BlackElo "2230"]
[PlyCount "154"]
[EventDate "2024.01.20"]
[EventRounds "10"]
[EventCountry "BRA"]

1. Nf3 Nf6 2. g3 b6 3. Bg2 Bb7 4. O-O c5 5. c4 d6 6. Nc3 Nbd7 7. d4 cxd4 8.
Qxd4 Rc8 9. b3 a6 10. Bb2 e6 11. Rfd1 Qc7 12. Rac1 Be7 13. e4 O-O 14. h3 ({RR} 
14. Qe3 Qb8 15. Nd4 Rfe8 16. h3 Qa8 17. Re1 Ne5 18. Rcd1 Nfd7 19. g4 g5 20.
Nde2 Ng6 21. Na4 b5 22. cxb5 axb5 23. Nac3 b4 24. Na4 Qa5 25. Rc1 Nde5 26. Ng3
Nf4 27. Bf1 Bf6 28. Nh5 Nxh5 {Abdusattorov,N (2661)-Ibrahimli,M (2432) chess.
com INT 2022 0-1 (44)}) 14... Rfe8 ({RR} 14... Rfd8 15. g4 Nc5 16. g5 Nh5 17.
Qe3 Qb8 18. Nd4 g6 19. Bf3 Ng7 20. Nde2 e5 21. Nd5 Bxd5 22. cxd5 b5 23. h4 f5
24. gxf6 Bxf6 25. Qh6 Rf8 26. Kg2 Qa7 27. Ng1 Qe7 28. Bg4 Rc7 29. f3 {Alinasab,
M (2347)-Bluvshtein,M (2590) chess.com INT 2023 0-1 (44)}) 15. Nh2 Qb8 16. Ng4
Bc6 $146 ({RR} 16... Nxg4 17. hxg4 Bf8 18. g5 Bc6 19. Rc2 Nc5 20. Rdc1 Qa8 21.
b4 Nd7 22. Nd1 f5 23. Nc3 fxe4 24. Nxe4 d5 25. cxd5 Bxd5 26. Rc7 Rxc7 27. Rxc7
Re7 28. a3 Rf7 29. g6 hxg6 30. Ng5 Bxg2 31. Qh4 {Markus,R (2616)-Pap,G (2467)
Subotica 2008 1-0 (42)}) 17. Ba3 Nxg4 18. hxg4 Nc5 19. Qe3 Qa8 20. f3 b5 21.
Bf1 Qb7 22. Ne2 b4 23. Bb2 e5 24. Kh2 a5 25. Bh3 h6 26. Rb1 Ra8 27. Nc1 Ne6 28.
Nd3 Bd8 29. c5 Qa7 30. Qg1 Nxc5 31. Nxc5 dxc5 32. Bf1 a4 33. Bc4 axb3 34. axb3
Qb6 35. Ra1 Bg5 36. Rd6 Rad8 37. Rad1 Rxd6 38. Rxd6 Be7 39. Rd2 Qc7 40. Qa1 Bg5
41. Rd3 g6 42. Qg1 Ra8 43. Qxc5 Ra5 44. Qd6 Qxd6 45. Rxd6 Bxe4 46. fxe4 Ra2 47.
Rxg6+ Kf8 48. Rb6 Rxb2+ 49. Kh1 Be7 50. Rxh6 Kg7 51. Rb6 Bc5 52. Rb5 Bd4 53.
Rxb4 Kg6 54. Rb7 Kg5 55. Rxf7 Kxg4 56. Rg7+ Kf3 57. Bd5 Bf2 58. Rf7+ Kxg3 59.
Rg7+ Kh4 60. Be6 Be3 61. Rg4+ Kh5 62. Rg3 Bf2 63. Rg2 Rb1+ 64. Kh2 Be3 65. Rg8
Bf4+ 66. Kg2 Re1 67. Bf5 Re2+ 68. Kf1 Re3 69. b4 Rb3 70. Ke2 Rxb4 71. Kd3 Rd4+
72. Kc3 Bd2+ 73. Kb3 Bg5 74. Rh8+ Bh6 75. Rg8 Bf4 76. Kc3 Bd2+ 77. Kb3 Rb4+
1/2-1/2

[Event "Floripa Chess Open 2024"]
[Site "Florianopolis"]
[Date "2024.01.25"]
[Round "7.23"]
[White "Silva, Guilherme Henrique"]
[Black "Rodi, Luis Ernesto"]
[Result "1-0"]
[WhiteElo "2068"]
[BlackElo "2196"]
[PlyCount "75"]
[EventDate "2024.01.20"]
[EventRounds "10"]
[EventCountry "BRA"]

1. e4 e5 2. Nf3 Nc6 3. Bc4 Bc5 4. b4 Bxb4 5. c3 Bd6 6. d4 Qe7 7. O-O Nf6 8. Re1
h6 9. Nbd2 b6 10. Bd5 O-O 11. Nc4 Nxd5 12. exd5 Na5 13. Nxa5 bxa5 14. dxe5 Bc5
15. Be3 Bb7 16. Qd3 $146 ({RR} 16. Rb1 Rab8 17. c4 Bb4 18. Bxa7 Ra8 19. Bd4
Bxe1 20. Rxb7 Bb4 21. Rxc7 Rfc8 22. Rxc8+ Rxc8 23. Qd3 d6 24. g3 Qc7 25. e6
Qxc4 26. exf7+ Kxf7 27. Qh7 Rg8 28. Qf5+ Ke7 29. Qe6+ Kf8 30. Nh4 g5 {Zhigalko,
S (2572)-Shohat,Y (2332) chess.com INT 2023 1-0 (36)}) 16... Bb6 17. c4 d6 18.
Qc3 Bxe3 19. Rxe3 dxe5 20. Nxe5 Qb4 21. Qd4 Bc8 22. Rg3 f6 23. Nc6 Qd6 24. Re1
Bd7 25. c5 Rfe8 26. Rge3 Rxe3 27. Rxe3 Qf8 28. Ne7+ Kh7 29. d6 cxd6 30. c6 Re8
31. Qxd6 Bc8 32. c7 Qf7 33. h3 Qxa2 34. Nxc8 Qb1+ 35. Kh2 Rxc8 36. Qd7 Qb7 37.
Re7 Rg8 38. c8=Q 1-0

[Event "Floripa Chess Open 2024"]
[Site "Florianopolis"]
[Date "2024.01.25"]
[Round "7.25"]
[White "Dauer, Andre Leonardo"]
[Black "Labussiere, Yago"]
[Result "0-1"]
[WhiteElo "2032"]
[BlackElo "2167"]
[PlyCount "154"]
[EventDate "2024.01.20"]
[EventRounds "10"]
[EventCountry "BRA"]

1. e4 c5 2. Nf3 Nc6 3. d4 cxd4 4. Nxd4 Nf6 5. Nc3 e5 6. Ndb5 d6 7. Bg5 a6 8.
Na3 b5 9. Nd5 Be7 10. Bxf6 Bxf6 11. c3 Bg5 12. g3 O-O 13. Bg2 Be6 14. Nc2 a5
15. O-O Ne7 16. Nce3 Bxe3 17. Nxe3 Qb6 18. Nf5 $146 ({RR} 18. Qh5 b4 19. c4 b3
20. a3 Rac8 21. Rac1 Rc5 22. Qg5 Qd8 23. Rfd1 Nc6 24. Qxd8 Rxd8 25. f4 f6 26.
fxe5 fxe5 27. Rc3 Nd4 28. Nd5 Bxd5 29. exd5 Ne2+ 30. Kf2 Nxc3 31. bxc3 Rxc4 {
0-1 (31) Daianu,C (2224)-Stojanovski,S (2232) chess.com INT 2020}) ({RR} 18.
Qh5 b4 19. c4 b3 20. a3 Rac8 21. Rac1 Rc5 22. Qg5 Qd8 23. Rfd1 Nc6 24. Qxd8
Rxd8 25. f4 f6 26. fxe5 fxe5 27. Rc3 Nd4 28. Nd5 Bxd5 29. exd5 Ne2+ 30. Kf2
Nxc3 31. bxc3 Rxc4 {0-1 (31) Daianu,C (2224)-Stojanovski,S (2232) chess.com
INT 2020}) 18... Bxf5 19. exf5 Rad8 20. Qg4 d5 21. Rfe1 f6 22. a3 Rd6 23. Rac1
Rfd8 24. Red1 Qa7 25. Qe2 Qd7 26. g4 g6 27. Bh3 Kg7 28. Rd3 g5 29. Bf1 Qc6 30.
Rcd1 Qb6 31. Qe3 Qc6 32. Qh3 Qc5 33. Qe3 Qc6 34. Qh3 Qb6 35. Qe3 Qb7 36. Bg2
Qd7 37. h4 h6 38. Qh3 Qa7 39. Qh1 gxh4 40. Qxh4 d4 41. Qh3 Qb6 42. Qf3 dxc3 43.
Rxd6 Rxd6 44. Rxd6 Qxd6 45. Qxc3 b4 46. axb4 Qxb4 47. Qxb4 axb4 48. Bb7 h5 49.
f3 Kh6 50. gxh5 Kxh5 51. Be4 Kg5 52. Kf2 Nxf5 53. Ke1 Kf4 54. Kf2 Nd4 55. Bd5
Nb5 56. Ke2 Nd4+ 57. Kf2 f5 58. Bb7 Nc2 59. Ke2 Nd4+ 60. Kf2 Ne6 61. Ke2 Ng5
62. Kf2 Ne6 63. Ke2 Nc5 64. Bc6 Kg3 65. Ke3 f4+ 66. Kd2 Kf2 67. Bd5 Na4 68. Kc2
Nb6 69. Bc6 Nc4 70. Bb7 Ke3 71. Be4 Nd2 72. Bd5 Nxf3 73. Kb3 Nd2+ 74. Kxb4 Kd4
75. Bc6 e4 76. Ka4 e3 77. Bb5 f3 0-1

[Event "Floripa Chess Open 2024"]
[Site "Florianopolis"]
[Date "2024.01.25"]
[Round "7.26"]
[White "Tomiello, Mateus Costamilan"]
[Black "Spagnollo, Pedro Henrique"]
[Result "1-0"]
[WhiteElo "2151"]
[BlackElo "1445"]
[PlyCount "95"]
[EventDate "2024.01.20"]
[EventRounds "10"]
[EventCountry "BRA"]

1. c4 Nf6 2. Nc3 g6 3. e4 d6 4. d4 Bg7 5. Nf3 O-O 6. Be2 e5 7. d5 a5 8. Bg5 h6
9. Be3 Ng4 10. Bd2 Na6 11. h3 Nf6 12. g4 Nc5 13. Qc2 Ne8 $146 ({RR} 13... c6
14. g5 hxg5 15. Bxg5 cxd5 16. Bxf6 Bxf6 17. Nxd5 Be6 18. O-O-O Bxd5 19. Rxd5
Qe7 20. Rhd1 Ra6 21. Bf1 Rc8 22. Kb1 Rb6 23. Ng1 Bh4 24. f3 Qf6 25. Qd2 Rcc6
26. Qxa5 Bf2 27. Be2 Qg5 28. Qd2 {Raahul,V (2292)-Vasquez Schroeder,R (2476)
Taleigao IND 2019 0-1 (55)}) ({RR} 13... c6 14. Be3 cxd5 15. cxd5 Bd7 16. Nd2
Rc8 17. a4 Ne8 18. Bb5 f5 19. gxf5 gxf5 20. Rg1 f4 21. Bxc5 Rxc5 22. Bxd7 Qxd7
23. Qd3 f3 24. Rg3 Kh7 25. Rxf3 Kh8 26. Rxf8+ Bxf8 27. Ke2 Ng7 28. Qf3 {
Cattaneo,M (2251)-Yarullina,A (2084) chess.com INT 2023 1-0 (46)}) ({RR} 13...
c6 14. g5 hxg5 15. Bxg5 cxd5 16. Bxf6 Bxf6 17. Nxd5 Be6 18. O-O-O Bxd5 19. Rxd5
Qe7 20. Rhd1 Ra6 21. Bf1 Rc8 22. Kb1 Rb6 23. Ng1 Bh4 24. f3 Qf6 25. Qd2 Rcc6
26. Qxa5 Bf2 27. Be2 Qg5 28. Qd2 {Raahul,V (2292)-Vasquez Schroeder,R (2476)
Taleigao IND 2019 0-1 (55)}) 14. Rg1 Kh7 15. Be3 f5 16. gxf5 gxf5 17. Bxc5 dxc5
18. exf5 Bxf5 19. Bd3 Nd6 20. O-O-O Qf6 21. Nd2 Bxd3 22. Qxd3+ Qf5 23. Nde4
Nxe4 24. Nxe4 b6 25. Rg3 Kh8 26. Rdg1 Rg8 27. Kc2 Raf8 28. R1g2 Qd7 29. Kb1 Rb8
30. Rg6 Qf5 31. Nxc5 Qxd3+ 32. Nxd3 Rbf8 33. R6g4 Rf3 34. R2g3 Rf5 35. Kc2 Rf7
36. Kd1 Re8 37. Re4 c6 38. dxc6 Rf6 39. f4 Rxc6 40. fxe5 Rce6 41. Kc2 Kh7 42.
Kb3 Rf8 43. Rge3 Rf5 44. Ka4 h5 45. Re2 Rf3 46. R4e3 Rf5 47. Re4 Rf3 48. Rd4
1-0

[Event "Floripa Chess Open 2024"]
[Site "Florianopolis"]
[Date "2024.01.25"]
[Round "7.27"]
[White "Ribeiro, Davison Soares"]
[Black "Nemeth Junior, Henrique"]
[Result "0-1"]
[WhiteElo "1989"]
[BlackElo "2147"]
[PlyCount "102"]
[EventDate "2024.01.20"]
[EventRounds "10"]
[EventCountry "BRA"]

1. d4 Nf6 2. Nf3 g6 3. Nc3 d5 4. Bf4 Bg7 5. Nb5 Na6 6. c3 O-O 7. e3 Nh5 8. Bg5
c6 9. Na3 Qb6 10. Qb3 f6 11. Bh4 g5 $146 ({RR} 11... e5 12. Be2 Bh8 13. O-O g5
14. Bg3 Qxb3 15. axb3 Nc7 16. Nd2 Nxg3 17. hxg3 g4 18. Nc2 Bg7 19. Ra4 f5 20.
Nb4 f4 21. gxf4 exf4 22. exf4 Rxf4 23. Nd3 Rf8 24. Re1 Re8 25. Nf1 a6 26. Raa1
{Markowski,T (2577)-Sadzikowski,D (2445) Poronin 2012 1-0 (57)}) 12. Bg3 Bf5
13. Be2 h6 14. O-O Nxg3 15. hxg3 e5 16. Nh2 Bg6 17. Rfe1 Kh7 18. Rac1 f5 19. f4
e4 20. Kf2 Bf6 21. Rh1 Rg8 22. Rcg1 Bf7 23. Nf1 Kg7 24. Rh3 Nc7 25. Rgh1 Rh8
26. Nd2 Ne6 27. Rc1 Qc7 28. Rf1 b5 29. Nc2 Be7 30. Kg1 Bg6 31. Bh5 g4 32. Rh1
Bxh5 33. Rxh5 Kg6 34. Rh1 h5 35. Nxe4 fxe4 36. f5+ Kf6 37. fxe6+ Kxe6 38. Rf4
Bd6 39. Rxe4+ Kf6 40. Rf4+ Bxf4 41. gxf4 h4 42. Kf2 Rae8 43. Nb4 g3+ 44. Kf3
Qe7 45. Nxd5+ cxd5 46. Qxd5 Qxe3+ 47. Kg4 Qe2+ 48. Kh3 Rhg8 49. Qd7 Re6 50.
Qd8+ Rxd8 51. f5 Re4 0-1

[Event "Floripa Chess Open 2024"]
[Site "Florianopolis"]
[Date "2024.01.25"]
[Round "7.29"]
[White "Branco, Joao Pedro Belaglov"]
[Black "Bauza, Alejandro"]
[Result "0-1"]
[WhiteElo "1778"]
[BlackElo "2205"]
[PlyCount "114"]
[EventDate "2024.01.20"]
[EventRounds "10"]
[EventCountry "BRA"]

1. e4 e6 2. Nc3 d5 3. Nf3 Nf6 4. d4 ({RR} 4. e5 Ng4 5. d4 b6 6. h4 h5 7. Ne2
Ba6 8. Nf4 Bxf1 9. Kxf1 g6 10. Nd3 Qd7 11. Bg5 Be7 12. a4 c5 13. Bxe7 Qxe7 14.
a5 c4 15. Nf4 b5 16. Ng5 Nc6 17. Ra3 O-O-O 18. Rf3 Nh6 {Davies,N (2504)
-Gonzalez Rodriguez,J (2431) El Sauzal 2006 1/2-1/2 (42)}) 4... Nxe4 ({RR} 4...
Nc6 5. Be3 Bd6 6. Bd3 e5 7. O-O O-O 8. b3 Ng4 9. Bg5 Qe8 10. h3 Nf6 11. a4 Be7
12. Nxe5 Nb4 13. Be3 Nd7 14. exd5 Nxe5 15. dxe5 c6 16. Be4 cxd5 17. Bxd5 g6 18.
Rc1 Nxd5 19. Nxd5 {Lazzarini,G-Raphael-hall,C chess.com INT 2021 1-0 (37)}) 5.
Nxe4 dxe4 6. Ng5 $146 ({RR} 6. Ne5 Bd6 7. Nc4 O-O 8. Be2 Nc6 9. Be3 e5 10. c3
exd4 11. cxd4 Bb4+ 12. Bd2 Qxd4 13. Bxb4 Qxd1+ 14. Rxd1 Nxb4 15. O-O Nc6 16.
Rd2 Be6 17. Ne3 Bxa2 18. b4 Be6 19. b5 Ne5 20. Rc1 Rfc8 {Livet,R-Buffe,R
France 1999 1-0}) ({RR} 6. Ne5 Nc6 7. Be3 Qd5 8. Qd2 Nxe5 9. dxe5 Qxe5 10. Bd4
Qf5 11. O-O-O Bd6 12. Bc4 O-O 13. Bxg7 Bf4 14. Bxe6 Bxd2+ 15. Kxd2 Rd8+ 16. Ke2
Bxe6 17. Rd2 Rxd2+ 18. Kxd2 Qg5+ 19. Kd1 Qxg7 20. Rg1 Rd8+ {Colucci,
D-Wittenberg,S (1447) Tornelo INT 2020 0-1}) 6... c5 7. Nxe4 cxd4 8. Qh5 Qd5 9.
Qf3 Nc6 10. Bd2 Bd7 11. c4 dxc3 12. Bxc3 Nd4 13. Qd3 Bc6 14. f3 O-O-O 15. Rd1
e5 16. Bxd4 Qxd4 17. Qxd4 exd4 18. Bc4 f6 19. Kf2 Be7 20. Rd3 Kb8 21. Be6 Rhf8
22. Nd2 Bc5 23. Rc1 Bb6 24. Bc4 Rfe8 25. Rd1 Re3 26. Nb3 Rxd3 27. Rxd3 Be8 28.
Nd2 Bg6 29. Ne4 h6 30. a4 a5 31. b3 Re8 32. Bd5 Re5 33. Bc4 Bxe4 34. fxe4 Rxe4
35. Kf3 Re1 36. Kg4 Re5 37. h4 g6 38. Bf7 f5+ 39. Kf3 g5 40. hxg5 hxg5 41. g4
Bc5 42. Bg6 f4 43. Bf5 Kc7 44. Be4 Re7 45. Bd5 Kd6 46. Bc4 Ba7 47. Kf2 Rh7 48.
Kg2 Kc5 49. Kf3 Rh4 50. Be6 Rh3+ 51. Ke4 Rg3 52. Bf5 Kb4 53. Be6 Bc5 54. Rf3
Rxf3 55. Kxf3 Kc3 56. Ke2 d3+ 57. Kd1 f3 0-1

[Event "Floripa Chess Open 2024"]
[Site "Florianopolis"]
[Date "2024.01.25"]
[Round "7.30"]
[White "Labussiere, Victor"]
[Black "Souza Dos Santos, Matheus Garcett"]
[Result "1-0"]
[WhiteElo "2328"]
[BlackElo "2024"]
[PlyCount "133"]
[EventDate "2024.01.20"]
[EventRounds "10"]
[EventCountry "BRA"]

1. c4 g6 2. Nc3 Bg7 3. g3 d6 4. Bg2 c5 5. d3 Nc6 6. Nf3 e5 7. Nd2 Nge7 8. Nf1
Be6 9. Ne3 O-O 10. Rb1 Qd7 11. Ned5 Bh3 12. O-O Bxg2 13. Kxg2 h6 $146 ({RR} 
13... Nxd5 14. Nxd5 Ne7 15. Nxe7+ Qxe7 16. b4 f5 17. bxc5 dxc5 18. Rb5 Rf7 19.
a4 Rc8 20. Qb3 g5 21. f3 h5 22. Be3 Bf8 23. Bg1 h4 24. e4 fxe4 25. dxe4 g4 26.
gxh4 Rd8 27. fxg4 Rxf1 28. Kxf1 {Botvinnik,M (2318)-Tseitlin,M (2420) Israel
2011 0-1 (35)}) 14. Bxh6 f5 15. Bg5 f4 16. Bxe7 Nxe7 17. Nxe7+ Qxe7 18. Rh1 Rf7
19. f3 fxg3 20. hxg3 Qg5 21. Ne4 Qe3 22. Qd2 Qxd2 23. Nxd2 Rd8 24. Ne4 d5 25.
cxd5 Rxd5 26. Rhc1 b6 27. b4 Bh6 28. Rc4 cxb4 29. Rbxb4 Be3 30. Rc6 Kg7 31. Nc3
Ra5 32. a4 Bd2 33. Kh3 Rd7 34. Rg4 Bxc3 35. Rxc3 Rad5 36. Re4 Kf6 37. Kg4 g5
38. f4 exf4 39. gxf4 gxf4 40. Rc6+ R7d6 41. Rxd6+ Rxd6 42. Kxf4 Rd5 43. Rc4 Ke6
44. d4 Kd6 45. Ke4 Rh5 46. Rc8 Ra5 47. Rc4 Rh5 48. e3 Rh4+ 49. Kd3 Rh5 50. Rb4
Kc6 51. Rb1 Ra5 52. Ra1 a6 53. Kc4 Rh5 54. Rg1 b5+ 55. axb5+ axb5+ 56. Kd3 Kb6
57. Rb1 Rh4 58. Rc1 b4 59. Kc4 Kc6 60. Kxb4+ Kd5 61. Rc5+ Ke4 62. Re5+ Kd3 63.
Kc5 Rh1 64. d5 Rc1+ 65. Kd6 Kc4 66. e4 Ra1 67. Ke6 1-0